000 00294pam a2200121 a 4500
020 _c
041 _h
100 _aBONO (Edward de)
_eauthor
245 _aSix Thinking Hats
_hTextual Document
260 _bPenguin Books India Pvt. Ltd. New Delhi , London
300 _avi, 177
930 _a9305
999 _c840063
_d840063